| 000 | 00554cam a2200205ua 4500 | ||
|---|---|---|---|
| 001 | 2153 | ||
| 008 | 110803n ii |||gr||||Z||||||asm | ||
| 020 | _a81-7339-048-7 | ||
| 040 | _cMAIN | ||
| 082 | _a370.15 | ||
| 100 | _aThakur, Sabita, | ||
| 245 | 1 |
_aShiksha monobigyan aru saikhik parisankhya _cby Sabita Thakur |
|
| 250 | _a3rd. | ||
| 260 |
_aDibrugarh: _bBanalata,997. |
||
| 300 |
_a317p: _bill; _c23cm. |
||
| 653 | _aEducation | ||
| 653 | _aShiksha monobigyan aru saikhik parisankhya | ||
| 700 |
_aGoswami, Rajani Kanta, _eAuthor. |
||
| 942 | _cBK | ||
| 999 |
_c2021 _d2021 |
||